000 00598nam a22001817a 4500
999 _c17917
_d17917
003 AR-CdUCM
008 190510b ||||| |||| 00| 0 spa d
040 _aMUNICIPALIDAD PROVINCIAL DEL CUSCO
_cBIBLIOTECA MUNICIPAL DEL CUSCO
082 _a986.2 /
_bP46
100 _aPareja Diez-Canseco, Alfredo
_938164
245 _aBreve historia del Ecuador /
260 _aMexico :
_bSEP,
_c1946.
300 _a88 páginas ;
_c20 cm.
505 _aTierra y el hombre indio y españoles -- La independencia, La república hasta 1895 --
650 _aEcuador.
_910121
942 _2ddc
_cLIBROS
945 _awfj